Distinciones / por Juan Maciá Mercadé
Publicado:
San Jorge, núm. 78 (2n trimestre 1970), pàg 107 :
MARC
| LEADER | 00000nam a2200000Ia 4500 | ||
|---|---|---|---|
| 001 | |||
| 008 | 160829s9999 xx 000 0 cat d | ||
| 100 | |a Macià Mercadé, Juan |9 40170 | ||
| 245 | |a Distinciones / por Juan Maciá Mercadé | ||
| 260 | |a San Jorge, núm. 78 (2n trimestre 1970), pàg 107 | ||
| 650 | |a Burrull Bonastre, José |x Medalles |9 40630 | ||
| 650 | |a Figueras Laguardia, Juan |x Medalles |9 40606 | ||
| 650 | |a Crusafont, Miguel |x Medalles I |9 40607 | ||
| 650 | |a Castro Villalba, Gabriel |9 40608 | ||
| 650 | |a Castro Villoria, José |9 40609 | ||
| 650 | |a Lozano Magnieto, Antonio |x Medalles |9 40610 | ||
| 650 | |a Bellmunt Ratia, Manuel |x Medalles |9 40611 | ||
| 650 | |a Alcaraz López, José Manuel |x Medalles |9 40612 | ||
| 901 | |a Arxiu | ||
| 942 | |n 1 | ||
| 952 | |0 0 |1 0 |4 0 |7 1 |9 49810 |a Arxiu |b Arxiu |d 2016-12-01 |l 0 |r 2016-12-01 00:00:00 |w 2016-12-01 |y ARXIU | ||
| 999 | |c 53652 |d 53652 | ||